Women's participation in household economic development in takeo province's tramkok district, ការចូលរួមរបស់ស្រី្តក្នុងការលើកស្ទួយសេដ្ឋកិច្ចគ្រួសារនៅស្រុកត្រាំកក់ ខេត្តតាកែវ (Record no. 4276)

000 -LEADER
fixed length control field 00682nam a22001337a 4500
040 ## - CATALOGING SOURCE
Transcribing agency RUA
082 ## - DEWEY DECIMAL CLASSIFICATION NUMBER
Classification number ATM NGO 2011 B198 Or.1
100 ## - MAIN ENTRY--AUTHOR NAME
Personal name NGOUN, MARINAT
245 ## - TITLE STATEMENT
Title Women's participation in household economic development in takeo province's tramkok district, ការចូលរួមរបស់ស្រី្តក្នុងការលើកស្ទួយសេដ្ឋកិច្ចគ្រួសារនៅស្រុកត្រាំកក់ ខេត្តតាកែវ
260 ## - PUBLICATION, DISTRIBUTION, ETC. (IMPRINT)
Place of publication Phnom Penh
Name of publisher RUA
Year of publication 2011
300 ## - PHYSICAL DESCRIPTION
Number of Pages xii, 54p.
Other physical details ill.
Dimensions 29cm.
856 ## - ELECTRONIC LOCATION AND ACCESS
Uniform Resource Identifier https://drive.google.com/file/d/1m-yJ5d5mv9v1Mx4mLpc24prHZ5uSkXLu/view?usp=sharing
942 ## - ADDED ENTRY ELEMENTS (KOHA)
Koha item type ATM
952 ## - LOCATION AND ITEM INFORMATION (KOHA)
Withdrawn status [LOCAL, KOHA] 0
952 ## - LOCATION AND ITEM INFORMATION (KOHA)
Withdrawn status [LOCAL, KOHA] 0
952 ## - LOCATION AND ITEM INFORMATION (KOHA)
Withdrawn status [LOCAL, KOHA] 0
952 ## - LOCATION AND ITEM INFORMATION (KOHA)
Withdrawn status [LOCAL, KOHA] 0
952 ## - LOCATION AND ITEM INFORMATION (KOHA)
Withdrawn status [LOCAL, KOHA] 0
952 ## - LOCATION AND ITEM INFORMATION (KOHA)
Withdrawn status [LOCAL, KOHA] 0
952 ## - LOCATION AND ITEM INFORMATION (KOHA)
Withdrawn status [LOCAL, KOHA] 0
952 ## - LOCATION AND ITEM INFORMATION (KOHA)
Withdrawn status [LOCAL, KOHA] 0
Holdings
Koha item type Barcode Lost status Permanent Location Current Location Date acquired Full call number
ATMRUA037925 Library Block BLibrary Block B2015-12-09ATM NGO 2011 B198 Or.1
ATMRUA039095 Library Block BLibrary Block B2015-12-09ATM NGO 2011 B198 Or.2
ATMRUA038129 Library Block BLibrary Block B2015-12-09ATM NGO 2011 B198 Or.3
ATMRUA038440 Library Block BLibrary Block B2015-12-09ATM NGO 2011 B198 Or.4
ATMRUA41515 Library Block BLibrary Block B2015-12-09ATM NGO 2011 B198 Or.5
ATMRUA045232 Library Block BLibrary Block B2015-12-09ATM NGO 2011 B198 Or.6
ATMRUA046317 Library Block BLibrary Block B2015-12-09ATM NGO 2011 B198 Or.7
ATMRUA046257 Library Block BLibrary Block B2015-12-09ATM NGO 2011 B198 Or.8
មជ្ឈមណ្ឌលឯការនៃសាកលវិទ្យាល័យភូមិន្ទកសិកម្មចំការដូង

Powered by Koha